000 00436nam a2200169 a 4500
001 0000-9247
003 ELIB.Books
008 110520 1924
035 _a(ELIB.Books)0000-9399
082 _a268.432
_bCoe
100 _aCoe, George A.
245 _aWhat Ails our Youth?
260 _bNew York: Charles Scribner's Sons
_c1924
650 _aChristian Education
942 _2ddc
_cBK
998 _cbat
_e2011-05-20
999 _c9247
_d9247